Countries Most Similar To Estonia - Statistics

General Stats
  • This quiz has been taken 124 times
  • The average score is 16 of 20
Answer Stats
Rank Country Score % Correct
3 Finland 76.8
99%
1 Latvia 82.6
96%
2 Lithuania 79.1
96%
4 Sweden 74
96%
15 Norway 70
93%
9 Germany 72.1
88%
11 Poland 71.3
88%
10 Slovakia 71.7
86%
5 Denmark 73.5
85%
6 Czechia 72.8
81%
20 Ukraine 68.4
81%
16 Belarus 69.6
73%
8 Hungary 72.4
73%
7 Slovenia 72.5
71%
12 Netherlands 70.7
65%
13 Belgium 70.7
63%
18 France 69
62%
14 Croatia 70.1
61%
17 Bulgaria 69.3
51%
19 Luxembourg 68.7
50%
No matching quizzes found
Score Distribution
Percent of People with Each Score
Percentile by Number Answered
Your Score History
You have not taken this quiz